Primetime Emmy Award for Outstanding Supporting Actor in a Drama Series - Statistics

General Stats
  • This quiz has been taken 193 times
  • The average score is 15 of 61
Answer Stats
Year Actor % Correct
2014 Aaron Paul
67%
2012 Aaron Paul
67%
2010 Aaron Paul
67%
2015 Peter Dinklage
50%
2011 Peter Dinklage
50%
1987 John Hillerman
39%
2004 Michael Imperioli
33%
2007 Terry O'Quinn
33%
1956 Art Carney
28%
1955 Art Carney
28%
1954 Art Carney
28%
2001 Bradley Whitford
28%
1985 Edward James Olmos
28%
1970 James Brolin
28%
1983 James Coco
28%
1990 Jimmy Smits
28%
2009 Michael Emerson
28%
1996 Ray Walston
28%
1995 Ray Walston
28%
2000 Richard Schiff
28%
2005 William Shatner
28%
2006 Alan Alda
22%
1958 Carl Reiner
22%
1957 Carl Reiner
22%
1959 Dennis Weaver
22%
1963 Don Knotts
22%
1962 Don Knotts
22%
1961 Don Knotts
22%
1994 Fyvush Finkel
22%
1998 Gordon Clapp
22%
2003 Joe Pantoliano
22%
2002 John Spencer
22%
1989 Larry Drake
22%
1988 Larry Drake
22%
1982 Michael Conrad
22%
1981 Michael Conrad
22%
1968 Milburn Stone
22%
1992 Richard Dysart
22%
1976 Anthony Zerbe
17%
2016 Ben Mendelsohn
17%
2013 Bobby Cannavale
17%
1984 Bruce Weitz
17%
1993 Chad Lowe
17%
1971 David Burns
17%
1967 Eli Wallach
17%
1977 Gary Frank
17%
1997 Héctor Elizondo
17%
1999 Michael Badalucco
17%
1974 Michael Moriarty
17%
1978 Robert Vaughn
17%
1973 Scott Jacoby
17%
1980 Stuart Margolin
17%
1979 Stuart Margolin
17%
1991 Timothy Busfield
17%
1969 Werner Klemperer
17%
1975 Will Geer
17%
2008 Željko Ivanek
17%
1964 Albert Paulsen
11%
1972 Jack Warden
11%
1966 James Daly
11%
1986 John Karlen
11%
No matching quizzes found
Score Distribution
Percent of People with Each Score
Percentile by Number Answered
Your Score History
You have not taken this quiz